ORY Direct Flights - Statistics

General Stats
  • This quiz has been taken 25 times
  • The average score is 121 of 177
Answers on the Map
Answers color-coded by a green-red scale on the quiz's map according to % correct below.
 
Answer Stats
Answer % Correct
Los Angeles
100%
Montréal/Dorval
100%
San Francisco
100%
Abidjan
92%
Algiers
92%
Amman
92%
Ankara
92%
Athens
92%
Beirut
92%
Cairo
92%
Casablanca
92%
Dublin
92%
Fiumicino/Rome
92%
Gardermoen/Oslo
92%
Istanbul Havalimani
92%
Keflavík/Reykjavík
92%
Malta
92%
Manchester
92%
Nice
92%
Salé/Rabat
92%
Stockholm/Arlanda
92%
Tel Aviv/Jerusalem
92%
Tunis
92%
Antalya
85%
Bamako
85%
Barcelona
85%
Berlin
85%
Bilbao
85%
Budapest
85%
Cape Town
85%
Cayenne
85%
Copenhagen
85%
Düsseldorf
85%
Edinburgh
85%
Fes/Saïss
85%
Florence
85%
Fort-de-France
85%
Funchal
85%
Genoa
85%
Hamburg
85%
Heraklion
85%
Las Palmas
85%
Lisbon
85%
London
85%
Madrid
85%
Marrakesh
85%
Marseille
85%
Miami
85%
Munich
85%
Naples
85%
Palermo
85%
Palma de Mallorca
85%
Port-au-Prince
85%
Porto
85%
Santo Domingo
85%
Schiphol/Amsterdam
85%
Tangier
85%
Tenerife
85%
Toulouse/Blagnac
85%
Valencia
85%
Vienna
85%
Warsaw
85%
Yerevan/Zvartnots
85%
Zaventem/Brussels
85%
Bari
77%
Bologna
77%
Cancún
77%
Chania
77%
Corfu
77%
Cotonou
77%
Djerba/Zarzis
77%
Faro
77%
Ibiza
77%
Istanbul Sabiha Gökcen
77%
Izmir
77%
Málaga
77%
Milan Linate
77%
Newark
77%
Oran/Es-Sénia
77%
Pisa
77%
Podgorica
77%
Ponta Delgada
77%
Prague
77%
Punta Cana
77%
Saint-Denis
77%
Sal
77%
Seville
77%
Sharm el Sheikh
77%
Southampton
77%
Split
77%
Thessaloniki
77%
Tirana
77%
Venice
77%
Ajaccio
69%
Bastia/Poretta
69%
Biarritz
69%
Boa Vista
69%
Brest
69%
Cagliari/Elmas
69%
Cardiff
69%
Eilat
69%
Geneva
69%
Granada
69%
Hanover
69%
Hurghada
69%
Lanzarote
69%
Ljubljana
69%
Montpellier
69%
Mykonos
69%
Rhodes
69%
Rovaniemi
69%
Santorini
69%
Turin/Caselle Torinese
69%
Verona
69%
Agadir
62%
Alicante/Elche
62%
Bristol
62%
Catania
62%
Constantine
62%
Dubrovnik/Čilipi
62%
Fuereventura
62%
Luxor
62%
Mauritius
62%
Menorca
62%
Milas/Bodrum
62%
Monastir
62%
Olbia
62%
Pau
62%
Perpignan/Rivesaltes
62%
Pointe-a-Pitre
62%
Praia
62%
Sfax/Thyna
62%
Al Aaroui/Nador
54%
Birmingham
54%
Calvi
54%
Essaouira
54%
Kos
54%
Milan Malpensa
54%
Oujda
54%
Paphos
54%
Pluguffan/Quimper
54%
Quimper
54%
Ancona
46%
Brindisi
46%
Ez Zenata/Tlemcen
46%
Figari
46%
Hyéres/Toulon
46%
Ivalo
46%
Kalamata
46%
Lourdes/Tarbes
46%
Ouarzazate
46%
Reus
46%
Skiathos
46%
Tivat
46%
Aïn Arnat/Sétif
38%
Almería
38%
Aqaba
38%
Asturias
38%
Batna
38%
Béjaïa
38%
Biskra
38%
Dakhla
38%
East Midlands
38%
Lamezia Terme
38%
Zakinthos
38%
Campinas
31%
Luleå
31%
Aktium/Preveza
23%
Brive-la-Gaillarde/Souillac
23%
San Salvador
23%
Tozeur
23%
Errachidia
15%
Le Puy/Loudes
15%
São Vicente
15%
Aurillac
8%
Castres/Mazamet
8%
Rodez
8%
No matching quizzes found
Score Distribution
Percent of People with Each Score
Percentile by Number Answered
Your Score History
You have not taken this quiz